Germany 2026 World Cup Squad - Statistics

General Stats
  • This quiz has been taken 6 times
  • The average score is 22 of 27
Answer Stats
Hint Answer % Correct
MF Jamal Musiala
100%
DF Jonathan Tah
100%
MF Joshua Kimmich
100%
Julian Nagelsmann
100%
FW Kai Havertz
100%
FW Lennart Karl
100%
MF Leon Goretzka
100%
FW Leroy Sane
100%
GK Manuel Neuer
100%
DF Nico Schlotterbeck
100%
GK Alexander Nübel
83%
MF Alexander Pavlovic
83%
MF Angelo Stiller
83%
FW Deniz Undav
83%
MF Florian Wirtz
83%
DF Malick Thiaw
83%
FW Nick Woltemade
83%
GK Oliver Baumann
83%
DF Antonio Rüdiger
67%
DF David Raum
67%
MF Felix Nmecha
67%
FW Jamie Leweling
67%
DF Nathaniel Brown
67%
MF Pascal Gross
67%
DF Waldemar Anton
67%
FW Maximilian Beier
33%
MF Nadiem Amiri
33%
No matching quizzes found
Score Distribution
Percent of People with Each Score
Percentile by Number Answered
Your Score History
You have not taken this quiz